[Event "SCCA Championship 2022"]
[Site "SchemingMind.com"]
[Date "2021.12.25"]
[Round "-"]
[White "pompey"]
[Black "Geoffrey Rosser"]
[Result "1-0"]
[WhiteCountry "ENG"]
[BlackCountry "ENG"]
[WhiteElo "2484"]
[WhiteRD "206"]
[BlackElo "1833"]
[BlackRD "63"]
[GameID "718557"]

1. e4 e5 2. Nf3 Nc6 3. d4 exd4 4. Nxd4 Nf6 5. Nc3 Bc5 6. Be3 Bb4 7. Nxc6 bxc6 8. Qd4 c5 9. Qc4 d5 10. exd5 a5
11. O-O-O O-O 12. Bxc5 Ba6 13. Qd4 Bxc5 14. Qxc5 Ng4 15. Bxa6 Rxa6 16. f3 Ne5 17. Rhe1 Qd6 18. Qxd6 cxd6 19. Nb5 f6 20. f4 Nd7
21. Re7 Rd8 22. Nc7 Ra7 23. Ne6 Rda8 24. Rxg7+ Kh8 25. b3 a4 26. b4 Rg8 27. Re7 Rxg2 28. Rd3 a3 29. Rh3 Rb7 30. Rexh7+ Kg8
31. f5 Rg1+ 32. Kd2 Rg2+ 33. Ke3 Nc5 34. Rh8+ Kf7 35. R3h7+
1-0

[Event "SCCA Championship 2022"]
[Site "SchemingMind.com"]
[Date "2022.01.03"]
[Round "-"]
[White "Robert Pallett"]
[Black "Geoffrey Rosser"]
[Result "1-0"]
[WhiteCountry "ENG"]
[BlackCountry "ENG"]
[WhiteElo "2268"]
[WhiteRD "91"]
[BlackElo "1849"]
[BlackRD "63"]
[GameID "719103"]

1. e4 e5 2. Nf3 Nc6 3. Bc4 Nf6 4. Ng5 d5 5. exd5 Na5 6. Bb5+ c6 7. dxc6 bxc6 8. Be2 h6 9. Nf3 e4 10. Ne5 Bd6
11. d4 exd3 12. Nxd3 Qc7 13. b3 O-O 14. Bb2 Re8 15. h3 Nd5 16. O-O Qe7 17. Bf3 Nf4 18. Re1 Be6 19. Nxf4 Bxf4 20. Qd4 Qg5
21. h4 Qg6 22. Qxf4 Qxc2 23. Bc3 Nb7 24. Bxc6 Reb8 25. Be4
1-0

[Event "SCCA Championship 2022"]
[Site "SchemingMind.com"]
[Date "2022.01.07"]
[Round "-"]
[White "Robert Pallett"]
[Black "pompey"]
[Result "0-1"]
[WhiteCountry "ENG"]
[BlackCountry "ENG"]
[WhiteElo "2092"]
[WhiteRD "87"]
[BlackElo "2592"]
[BlackRD "168"]
[GameID "719104"]

1. e4 c6 2. d4 d5 3. Nc3 dxe4 4. Nxe4 Bf5 5. Ng3 Bg6 6. h4 h6 7. h5 Bh7 8. Nf3 Nd7 9. Bd3 Bxd3 10. Qxd3 e6
11. Bf4 Qa5+ 12. Bd2 Bb4 13. Ne4 Ngf6 14. Nd6+ Ke7 15. Nc4 Bxd2+ 16. Nfxd2 Qc7 17. O-O-O Rhd8
0-1

[Event "SCCA Championship 2022"]
[Site "SchemingMind.com"]
[Date "2022.01.03"]
[Round "-"]
[White "Geoffrey Rosser"]
[Black "Russell Sherwood"]
[Result "0-1"]
[WhiteCountry "ENG"]
[BlackCountry "WLS"]
[WhiteElo "1847"]
[WhiteRD "63"]
[BlackElo "2312"]
[BlackRD "99"]
[GameID "719142"]

1. e4 c5 2. Nc3 Nc6 3. f4 g6 4. Nf3 Bg7 5. Be2 d6 6. O-O e6 7. d3 Nge7 8. a3 O-O 9. Qe1 f5 10. Rb1 Nd4
11. Nxd4 Bxd4+ 12. Kh1 Bg7 13. exf5 Nxf5 14. Ne4 Bd7 15. Bg4 Qc7 16. c4 d5 17. Ng5 Rae8 18. b4 h6 19. Nf3 dxc4 20. dxc4 cxb4
21. Qxb4 Bc6 22. c5 Rd8 23. Re1 Kh7 24. Rxe6 Rd1+ 25. Ng1 Nh4 26. Bh3 Qf7 27. Rxc6 bxc6 28. Be3 a5 29. Qb3 Qxb3 30. Rxb3 Nf5
31. Bf2 Nd4 32. Re3 Rxf4 33. Re1 Rxe1 34. Bxe1 Rf1 35. Bd2 Ne2 36. Be3 Nxg1 37. Bxg1 Bd4
0-1

[Event "SCCA Championship 2022"]
[Site "SchemingMind.com"]
[Date "2022.01.03"]
[Round "-"]
[White "Russell Sherwood"]
[Black "Robert Pallett"]
[Result "1-0"]
[WhiteCountry "WLS"]
[BlackCountry "ENG"]
[WhiteElo "2312"]
[WhiteRD "99"]
[BlackElo "2092"]
[BlackRD "87"]
[GameID "719143"]

1. e4 e5 2. Nf3 Nc6 3. Bb5 a6 4. Ba4 Nf6 5. O-O Be7 6. Re1 b5 7. Bb3 O-O 8. c3 d5 9. exd5 Nxd5 10. Nxe5 Nxe5
11. Rxe5 c6 12. d4 Bd6 13. Re1 Qh4 14. g3 Qh3 15. Qe2 Bg4 16. Qf1 Qh5 17. Nd2 Nf4 18. gxf4 Bxf4 19. h4 Qxh4 20. Qg2 Bh3
21. Nf3 Qh5 22. Bxf4
1-0

[Event "SCCA Championship 2022"]
[Site "SchemingMind.com"]
[Date "2022.01.08"]
[Round "-"]
[White "pompey"]
[Black "Russell Sherwood"]
[Result "1-0"]
[WhiteCountry "ENG"]
[BlackCountry "WLS"]
[WhiteElo "2492"]
[WhiteRD "121"]
[BlackElo "2318"]
[BlackRD "95"]
[GameID "719144"]

1. Nf3 d5 2. d4 Nf6 3. c4 e6 4. e3 c6 5. Nc3 Nbd7 6. Qc2 Bd6 7. Bd3 O-O 8. O-O dxc4 9. Bxc4 b5 10. Be2 Bb7
11. Rd1 Qc7 12. e4 e5 13. dxe5 Nxe5 14. Nd4 Neg4 15. Bxg4 Bxh2+ 16. Kf1 Nxg4 17. g3 Bxg3 18. fxg3 Qe5 19. Nf5 Bc8 20. Kg2 Bxf5
21. exf5 Rfe8 22. Qd3 h5 23. Bf4 Qc5 24. Rd2 Rad8 25. Qxd8 Rxd8 26. Rxd8+ Kh7 27. Rd2 Qxf5 28. Re1 f6 29. Re7 Qc5 30. Re1 Qf5
31. Re7 Qc5 32. Bd6 Qc4 33. a3 a5 34. Nd1 Kg6 35. Ne3 Nxe3+ 36. Rxe3 c5 37. Kh2 b4 38. Red3 h4 39. b3 Qg4 40. Bxc5
1-0

[Event "SCCA Championship 2022"]
[Site "SchemingMind.com"]
[Date "2022.01.04"]
[Round "-"]
[White "Geoffrey Rosser"]
[Black "Phil Cook"]
[Result "0-1"]
[WhiteCountry "ENG"]
[BlackCountry "NZL"]
[WhiteElo "1833"]
[WhiteRD "63"]
[BlackElo "2443"]
[BlackRD "118"]
[GameID "719146"]

1. e4 c5 2. c3 d5 3. exd5 Qxd5 4. Bb5+ Nc6 5. Qf3 Nf6 6. Qxd5 Nxd5 7. Nf3 Bd7 8. Bxc6 Bxc6 9. Ne5 Nf4 10. Nxc6 bxc6
11. g3 Nd3+ 12. Ke2 Rd8 13. Na3 h5 14. h4 Rh6 15. Nc2 Rhd6 16. c4 Nxc1+ 17. Rhxc1 Rxd2+ 18. Ke1 g6 19. Rab1 Bg7 20. b4 R8d3
21. b5 cxb5 22. cxb5 Bc3 23. Kf1 Rf3 24. Ne1 Rfxf2+ 25. Kg1 Bd4
0-1

[Event "SCCA Championship 2022"]
[Site "SchemingMind.com"]
[Date "2022.01.03"]
[Round "-"]
[White "Phil Cook"]
[Black "Robert Pallett"]
[Result "1-0"]
[WhiteCountry "NZL"]
[BlackCountry "ENG"]
[WhiteElo "2464"]
[WhiteRD "117"]
[BlackElo "2092"]
[BlackRD "87"]
[GameID "719147"]

1. d4 d5 2. c4 e6 3. Nc3 c6 4. e4 dxe4 5. Nxe4 Bb4+ 6. Bd2 Qxd4 7. Bxb4 Qxe4+ 8. Be2 Na6 9. Bd6 Qxg2 10. Qd2 Nf6
11. Bf3 Qg6 12. Ne2 e5 13. O-O-O Be6 14. Rhg1 Qf5 15. Qe3 O-O-O 16. Rg5 Qh3 17. Ng3 Rxd6 18. Rxd6
1-0

[Event "SCCA Championship 2022"]
[Site "SchemingMind.com"]
[Date "2022.01.07"]
[Round "-"]
[White "pompey"]
[Black "Phil Cook"]
[Result "1/2-1/2"]
[WhiteCountry "ENG"]
[BlackCountry "NZL"]
[WhiteElo "2492"]
[WhiteRD "121"]
[BlackElo "2449"]
[BlackRD "116"]
[GameID "719148"]

1. Nf3 Nf6 2. d4 d5 3. c4 e6 4. Nc3 c6 5. e3 Nbd7 6. Qc2 Bd6 7. Bd3 O-O 8. O-O dxc4 9. Bxc4 a6 10. Rd1 b5
11. Bd3 Bb7 12. Ng5 h6 13. Nge4 Be7 14. a3 a5 15. b3 Qb8 16. Bb2 c5 17. Nxf6+ Nxf6 18. Nxb5 Ng4 19. g3 cxd4 20. Nxd4 Rc8
21. Qd2 Ne5 22. Be2 Bc5 23. b4 Bxd4 24. Qxd4 Bf3 25. Qxe5 Qxe5 26. Bxe5 Bxe2 27. Rdb1 axb4 28. Rxb4 Bf3 29. a4 f6 30. Bd4 Rc6
31. Kf1 e5 32. Bb6 Rac8 33. Rbb1 h5 34. h3 h4 35. g4 Be4 36. Rb4 Bf3 37. Rbb1 Kf7 38. a5 Be4 39. Rb4=
1/2-1/2

[Event "SCCA Championship 2022"]
[Site "SchemingMind.com"]
[Date "2022.01.04"]
[Round "-"]
[White "Russell Sherwood"]
[Black "Phil Cook"]
[Result "1/2-1/2"]
[WhiteCountry "WLS"]
[BlackCountry "NZL"]
[WhiteElo "2327"]
[WhiteRD "93"]
[BlackElo "2450"]
[BlackRD "117"]
[GameID "719149"]

1. e4 c5 2. Nf3 d6 3. d4 cxd4 4. Nxd4 Nf6 5. Nc3 a6 6. f4 e5 7. Nf3 Nbd7 8. a4 Be7 9. Bc4 Qa5 10. Qe2 O-O
11. O-O exf4 12. Bxf4 Ne5 13. Bb3 Nxf3+ 14. Qxf3 Be6 15. Kh1 Rae8 16. Rae1 Qc5 17. Qd3 Ng4 18. Qe2 Nf6 19. Qd3 Ng4 20. Qg3 Nf6
21. Qd3 Ng4 22. Bg3 Ne5 23. Qe2 Bxb3 24. cxb3 Bg5 25. Qd1 Re6 26. Nd5 h6 27. Re2 Qc8 28. Rc2 Qd8 29. Rc7 Nd7 30. b4 Nf6
31. Nxf6+ Rxf6 32. Rxb7 Qa8 33. Rxf6 Bxf6 34. Qd5 Qc8 35. Bf2 Qc2 36. Bg1 Qxa4 37. b3 Qa1 38. Qxd6=
1/2-1/2

[Event "SCCA Championship 2022"]
[Site "SchemingMind.com"]
[Date "2022.01.04"]
[Round "-"]
[White "Geoffrey Rosser"]
[Black "Allan Sedstrem"]
[Result "1-0"]
[WhiteCountry "ENG"]
[BlackCountry "SCO"]
[WhiteElo "1849"]
[WhiteRD "63"]
[BlackElo "1499"]
[BlackRD "64"]
[GameID "719179"]

1. e4 e5 2. Nf3 d6 3. d4 exd4 4. Nxd4 g6 5. Bc4 c5 6. Qf3 f6 7. Ne6 Bxe6 8. Bxe6 Nc6 9. O-O Nd4 10. Qg4 Nxc2
11. Na3 Nxa1 12. Bxg8 Rxg8 13. Qe6+ Qe7 14. Qxg8 Qxe4 15. Qxh7 Nc2 16. Nxc2 Qxc2 17. Qxb7
1-0

[Event "SCCA Championship 2022"]
[Site "SchemingMind.com"]
[Date "2022.01.03"]
[Round "-"]
[White "Allan Sedstrem"]
[Black "Robert Pallett"]
[Result "0-1"]
[WhiteCountry "SCO"]
[BlackCountry "ENG"]
[WhiteElo "1499"]
[WhiteRD "64"]
[BlackElo "2268"]
[BlackRD "91"]
[GameID "719180"]

1. e4 e5 2. c3 Nf6 3. d3 Nc6 4. Nf3 d5 5. Be3 dxe4 6. Nh4 Ng4 7. g3 Nxe3 8. fxe3 Qg5 9. Qe2 Bg4 10. Qg2 Qxe3+
11. Be2 Qc1+ 12. Kf2 e3#
0-1

[Event "SCCA Championship 2022"]
[Site "SchemingMind.com"]
[Date "2022.01.07"]
[Round "-"]
[White "pompey"]
[Black "Allan Sedstrem"]
[Result "1-0"]
[WhiteCountry "ENG"]
[BlackCountry "SCO"]
[WhiteElo "2484"]
[WhiteRD "206"]
[BlackElo "1484"]
[BlackRD "69"]
[GameID "719181"]

1. Nf3 f5 2. d4 Nf6 3. c4 d5 4. Bg5 h6 5. Bxf6 exf6 6. e3 Nc6 7. a3 Be6 8. cxd5 Bxd5 9. Nc3 Be4 10. Nh4 Ne7
11. Nxe4 fxe4 12. Qh5+ Kd7 13. Qg4+ Ke8 14. Qxe4 c6 15. Ng6 Qd5 16. Qxd5 cxd5 17. Nxh8 g6 18. Bb5+ Nc6 19. Rc1 g5 20. Rxc6 Ke7
21. Rc7+ Kd6 22. Rxb7 Rc8 23. Nf7+ Ke6 24. Bd7+ Kxf7 25. Bxc8+ Kg8 26. Ke2
1-0

[Event "SCCA Championship 2022"]
[Site "SchemingMind.com"]
[Date "2022.01.04"]
[Round "-"]
[White "Allan Sedstrem"]
[Black "Phil Cook"]
[Result "0-1"]
[WhiteCountry "SCO"]
[BlackCountry "NZL"]
[WhiteElo "1484"]
[WhiteRD "69"]
[BlackElo "2443"]
[BlackRD "118"]
[GameID "719182"]

1. e4 e5 2. c3 Nf6 3. d3 d5 4. Nf3 dxe4 5. Nxe5 Nbd7 6. Nxd7 Qxd7 7. Qc2 exd3 8. Bxd3 Qe6+ 9. Qe2 Bd7 10. O-O Bc5
11. Nd2 O-O-O 12. b4 Be7 13. Nf3 Qxe2 14. Bxe2 Ne4 15. Bb2 Bf6 16. Rac1 Be6 17. a4 Nd2 18. Rfd1 Nxf3+ 19. Bxf3 Bb3 20. Rxd8+ Rxd8
21. a5 Rd2 22. Ba1 Ra2 23. Bd1 Bxd1 24. Rxd1 c5 25. f3 cxb4 26. cxb4 Rxa1 27. Rxa1 Bxa1 28. b5 Kc7 29. g4 b6 30. a6 Kd6
31. Kf2 Kc5 32. h4 Kxb5
0-1

[Event "SCCA Championship 2022"]
[Site "SchemingMind.com"]
[Date "2022.01.03"]
[Round "-"]
[White "Allan Sedstrem"]
[Black "Russell Sherwood"]
[Result "0-1"]
[WhiteCountry "SCO"]
[BlackCountry "WLS"]
[WhiteElo "1484"]
[WhiteRD "69"]
[BlackElo "2242"]
[BlackRD "115"]
[GameID "719183"]

1. e4 c5 2. Nf3 d6 3. Bc4 Nf6 4. d3 Nc6 5. Ng5 e6 6. O-O h6 7. Nf3 a6 8. a3 d5 9. exd5 exd5 10. Ba2 Bd6
11. Be3 O-O 12. Nbd2 d4 13. Bxh6 gxh6 14. Nh4 Kg7 15. Re1 Bg4 16. Ndf3 Rg8 17. h3 Bxh3 18. gxh3 Qc8 19. Nh2 Qxh3 20. N2f3 Kh8+
21. Ng2 Qxg2#
0-1

[Event "SCCA Championship 2022"]
[Site "SchemingMind.com"]
[Date "2022.01.08"]
[Round "-"]
[White "P Pickering"]
[Black "pompey"]
[Result "0-1"]
[WhiteCountry "ENG"]
[BlackCountry "ENG"]
[WhiteElo "1720"]
[WhiteRD "101"]
[BlackElo "2492"]
[BlackRD "121"]
[GameID "719184"]

1. e4 c6 2. c4 d5 3. cxd5 cxd5 4. exd5 Nf6 5. Bb5+ Nbd7 6. Nc3 a6 7. Qa4 Rb8 8. Bxd7+ Qxd7 9. Qxd7+ Bxd7 10. d4 Rd8
11. Bg5 Bf5 12. Bxf6 exf6 13. Nf3 Rc8 14. O-O Bb4 15. Rfe1+ Kd7 16. Rac1 b5 17. Re3 Rc4 18. a3 Be7 19. Rce1 Bd6 20. h3 h5
21. Kf1 Rhc8 22. Kg1 Bxa3 23. bxa3 Rxc3 24. Re7+ Kd6 25. Rxf7 R3c7 26. Rxc7 Rxc7 27. Re3 Kxd5 28. Kh2 g6 29. Kg3 a5 30. Rb3 Bd7
31. Kf4 a4 32. Re3 g5+ 33. Kg3 h4+ 34. Kh2 Rc2 35. Kg1 Rb2 36. Re1 Rb3 37. Ra1 Bf5 38. Nd2 Rb2 39. Nf3 Rb1+ 40. Rxb1 Bxb1
41. Kf1 b4 42. Nd2 Bd3+ 43. Ke1 bxa3
0-1

[Event "SCCA Championship 2022"]
[Site "SchemingMind.com"]
[Date "2022.01.04"]
[Round "-"]
[White "Phil Cook"]
[Black "P Pickering"]
[Result "1-0"]
[WhiteCountry "NZL"]
[BlackCountry "ENG"]
[WhiteElo "2464"]
[WhiteRD "117"]
[BlackElo "1775"]
[BlackRD "108"]
[GameID "719185"]

1. e4 e5 2. Nf3 Nc6 3. d4 exd4 4. Nxd4 Bc5 5. Be3 Qf6 6. c3 Nge7 7. Bc4 O-O 8. O-O b6 9. Qd2 Qg6 10. Nxc6 Qxc6
11. Bxc5 Qxc5 12. Na3 a6 13. Rfe1 b5 14. Bf1 d6 15. b4 Qh5 16. c4 bxc4 17. Nxc4 Be6 18. Rac1 Rfc8 19. a3 d5 20. exd5 Nxd5
21. Re5 Qg6 22. Rxd5 Bxd5 23. Qxd5 Qh6 24. Ne3 Rd8 25. Qf3 Rd7 26. Qxa8+
1-0

[Event "SCCA Championship 2022"]
[Site "SchemingMind.com"]
[Date "2022.01.04"]
[Round "-"]
[White "Geoffrey Rosser"]
[Black "P Pickering"]
[Result "1-0"]
[WhiteCountry "ENG"]
[BlackCountry "ENG"]
[WhiteElo "1833"]
[WhiteRD "63"]
[BlackElo "1690"]
[BlackRD "109"]
[GameID "719186"]

1. e4 e5 2. Nf3 Nc6 3. Bc4 Nf6 4. d3 Bc5 5. Nc3 d6 6. h3 Be6 7. Nd5 Bxd5 8. Bxd5 Nxd5 9. exd5 Ne7 10. c4 h6
11. O-O Qd7 12. d4 Bxd4 13. Nxd4 exd4 14. Qxd4 O-O 15. Bd2 Kh8 16. Rae1 Ng6 17. Bxh6 f6 18. Bd2 Kg8 19. Re6 Kf7 20. Rfe1 b6
21. Qg4 Rad8 22. Bc3 Rfe8 23. Qf5 Ne5 24. Bxe5 dxe5 25. R1xe5 Qc8 26. Qh5+ Kg8 27. Rxe8+
1-0

[Event "SCCA Championship 2022"]
[Site "SchemingMind.com"]
[Date "2022.01.04"]
[Round "-"]
[White "P Pickering"]
[Black "Robert Pallett"]
[Result "1-0"]
[WhiteCountry "ENG"]
[BlackCountry "ENG"]
[WhiteElo "1775"]
[WhiteRD "108"]
[BlackElo "2092"]
[BlackRD "87"]
[GameID "719187"]

1. e4 e5 2. f4 exf4 3. Nf3 d6 4. Bc4 h6 5. b3 a6 6. Bb2 Nf6 7. Nc3 Be7 8. O-O Nbd7 9. d4 O-O 10. Qd2 g5
11. e5 Ng4 12. exd6 Bxd6 13. Qd3 Kg7 14. Nd1 c6 15. d5+ Nde5 16. dxc6 f6 17. cxb7 Bxb7 18. Nxe5 Bxe5 19. Bxe5 fxe5 20. Qc3 Qb6+
21. Kh1 Rae8 22. h3 Nf6 23. Nf2 Qc6 24. Rg1 e4 25. Ng4 e3 26. Nxf6
1-0

[Event "SCCA Championship 2022"]
[Site "SchemingMind.com"]
[Date "2022.01.04"]
[Round "-"]
[White "Russell Sherwood"]
[Black "P Pickering"]
[Result "1-0"]
[WhiteCountry "WLS"]
[BlackCountry "ENG"]
[WhiteElo "2312"]
[WhiteRD "99"]
[BlackElo "1775"]
[BlackRD "108"]
[GameID "719188"]

1. d4 Nf6 2. c4 e5 3. dxe5 Ng4 4. e3 Nxe5 5. f4 Ng6 6. h4 Bc5 7. h5 Ne7 8. h6 g6 9. Nc3 Nf5 10. Qf3 c6
11. g4 Ne7 12. a3 f5 13. b4 fxg4 14. Qe4 Bb6 15. Qe5 Rg8 16. Ne4 d6 17. Nxd6+ Kd7 18. Bb2 Bc7 19. O-O-O Nd5 20. cxd5 Bxd6
21. dxc6+ Kc7 22. cxb7 Bxb7 23. Qc3+ Kd7 24. Rh2 Qe7 25. Rhd2 Rc8 26. Bb5+ Bc6 27. Rxd6+ Qxd6 28. Qg7+ Ke6 29. Qf6+
1-0

[Event "SCCA Championship 2022"]
[Site "SchemingMind.com"]
[Date "2022.01.06"]
[Round "-"]
[White "Allan Sedstrem"]
[Black "P Pickering"]
[Result "0-1"]
[WhiteCountry "SCO"]
[BlackCountry "ENG"]
[WhiteElo "1499"]
[WhiteRD "64"]
[BlackElo "1709"]
[BlackRD "108"]
[GameID "719189"]

1. e4 e5 2. Nf3 Nc6 3. d4 exd4 4. Nxd4 Bc5 5. Nxc6 Qf6 6. Be3 Bxe3 7. fxe3 dxc6 8. Nc3 Ne7 9. Bd3 Be6 10. Qe2 Ng6
11. O-O-O O-O-O 12. Rhf1 Qe5 13. g3 Rd7 14. Rd2 Rhd8 15. Rfd1 Qf6 16. Rf1 Qe7 17. Rfd1 Ne5 18. Qh5 Bg4 19. Qxh7 Bxd1 20. Rxd1 Qg5
21. Kb1 Nxd3 22. cxd3 Rxd3 23. Rxd3 Rxd3 24. e5 Rd8 25. Kc2 Qxe5 26. Qh3+ Qe6 27. Qg2 Qxe3 28. Ne4 Qd3+ 29. Kc1 Qd1#
0-1

[Event "SCCA Championship 2022"]
[Site "SchemingMind.com"]
[Date "2022.01.09"]
[Round "-"]
[White "Geoffrey Rosser"]
[Black "McCormickR"]
[Result "0-1"]
[WhiteCountry "ENG"]
[BlackCountry "ENG"]
[WhiteElo "1847"]
[WhiteRD "63"]
[BlackElo "1767"]
[BlackRD "92"]
[GameID "719224"]

1. e4 e5 2. Nf3 Nc6 3. Bc4 Nf6 4. d3 Bc5 5. Nc3 O-O 6. O-O Re8 7. a3 a6 8. b4 Ba7 9. Ng5 Rf8 10. Nd5 b5
11. Bb3 h6 12. Nxf6+ Qxf6 13. Nf3 d6 14. h3 Be6 15. Bxe6 Qxe6 16. Ne1 f5 17. Be3 Bxe3 18. fxe3 fxe4 19. Rxf8+ Rxf8 20. dxe4 Qc4
21. Qd5+ Qxd5 22. exd5 Ne7 23. Rd1 Nf5 24. Rd3 e4 25. Rc3 Ne7 26. g4 Nxd5 27. Rb3 Kh7 28. Ng2 Rf3 29. Kh2 Rf2 30. Kg3 Rxc2
31. Nf4 Rd2 32. Ne6 c6 33. Nf4 c5 34. bxc5 dxc5 35. h4 c4 36. Rb1 Nxe3 37. Re1 Rd3 38. Rg1 Rxa3 39. Kf2 Nc2 40. Nd5 e3+
41. Kf3 Nd4+ 42. Ke4 e2 43. Nf4 Nf3 44. Nxe2 Nxg1 45. Nxg1 Rd3 46. Ne2 Rd8
0-1

[Event "SCCA Championship 2022"]
[Site "SchemingMind.com"]
[Date "2022.01.09"]
[Round "-"]
[White "McCormickR"]
[Black "Robert Pallett"]
[Result "1-0"]
[WhiteCountry "ENG"]
[BlackCountry "ENG"]
[WhiteElo "1767"]
[WhiteRD "92"]
[BlackElo "2092"]
[BlackRD "87"]
[GameID "719225"]

1. e4 e5 2. Nf3 Nc6 3. Bb5 a6 4. Ba4 Nf6 5. Nc3 b5 6. Bb3 b4 7. Nd5 Nxe4 8. O-O Nc5 9. Re1 d6 10. Bc4 Ne6
11. c3 bxc3 12. dxc3 Rb8 13. Qe2 a5 14. Bb5
1-0

[Event "SCCA Championship 2022"]
[Site "SchemingMind.com"]
[Date "2022.01.09"]
[Round "-"]
[White "pompey"]
[Black "McCormickR"]
[Result "1-0"]
[WhiteCountry "ENG"]
[BlackCountry "ENG"]
[WhiteElo "2438"]
[WhiteRD "147"]
[BlackElo "1765"]
[BlackRD "87"]
[GameID "719226"]

1. Nf3 Nf6 2. d4 d5 3. c4 e6 4. Nc3 Nbd7 5. Bg5 c6 6. e3 Qa5 7. Nd2 Bb4 8. Qc2 h6 9. Bh4 Bxc3 10. Qxc3 Qxc3
11. bxc3 O-O 12. a4 Re8 13. f3 b6 14. Kf2 Bb7 15. a5 c5 16. cxd5 Nxd5 17. Bb5 N5f6 18. Bxf6 Nxf6 19. Bxe8 Rxe8 20. dxc5 bxc5
21. a6 Bc6 22. Nc4 Rd8 23. Rhd1 Rf8 24. Ne5 Ba8 25. Nd7 Rc8 26. Nxf6+ gxf6 27. Rd7 Bc6 28. Rxa7 Rb8 29. Rc7
1-0

[Event "SCCA Championship 2022"]
[Site "SchemingMind.com"]
[Date "2022.01.09"]
[Round "-"]
[White "McCormickR"]
[Black "Phil Cook"]
[Result "0-1"]
[WhiteCountry "ENG"]
[BlackCountry "NZL"]
[WhiteElo "1738"]
[WhiteRD "95"]
[BlackElo "2443"]
[BlackRD "118"]
[GameID "719227"]

1. e4 e5 2. Nf3 Nf6 3. Nc3 Nc6 4. Bb5 Nd4 5. Ba4 Bc5 6. Nxe5 O-O 7. O-O d6 8. Nf3 Bg4 9. d3 Qc8 10. Be3 Bxf3
0-1

[Event "SCCA Championship 2022"]
[Site "SchemingMind.com"]
[Date "2022.01.09"]
[Round "-"]
[White "McCormickR"]
[Black "P Pickering"]
[Result "1/2-1/2"]
[WhiteCountry "ENG"]
[BlackCountry "ENG"]
[WhiteElo "1798"]
[WhiteRD "80"]
[BlackElo "1720"]
[BlackRD "101"]
[GameID "719228"]

1. e4 e5 2. Nf3 Nc6 3. Bb5 f5 4. d3 fxe4 5. dxe4 Nf6 6. Nc3 Bb4 7. Bd2 Qe7 8. O-O O-O 9. Re1 d6 10. Bc4+ Be6
11. Nd5 Bxd5 12. exd5 Na5 13. Bf1 Bxd2 14. Qxd2 b6 15. c4 h6 16. h3 Nb7 17. b4 Rae8 18. Nh4 Qf7 19. Bd3 e4 20. Bc2 Qh5
21. Qf4 Nxd5 22. Qg4 Qxg4 23. hxg4 Nxb4 24. Bxe4 Nc5 25. a3 Nxe4 26. axb4 Nf6 27. f3 Rxe1+ 28. Rxe1 Kf7 29. Nf5 Re8 30. Rxe8 Nxe8
31. Kf2 a5 32. bxa5 bxa5 33. Nd4 a4 34. Nb5 Ke6 35. Ke3 d5 36. cxd5+ Kxd5 37. Nc3+ Kc4 38. Nxa4 Nf6 39. Nb2+ Kd5 40. Nd3 c5
41. Nc1 c4 42. Ne2 Kc5 43. Kd2 Kd5=
1/2-1/2

[Event "SCCA Championship 2022"]
[Site "SchemingMind.com"]
[Date "2022.01.09"]
[Round "-"]
[White "McCormickR"]
[Black "Russell Sherwood"]
[Result "0-1"]
[WhiteCountry "ENG"]
[BlackCountry "WLS"]
[WhiteElo "1765"]
[WhiteRD "87"]
[BlackElo "2327"]
[BlackRD "93"]
[GameID "719229"]

1. e4 c5 2. Nf3 d6 3. d4 cxd4 4. Nxd4 Nf6 5. Nc3 a6 6. Be3 Ng4 7. Qf3 Nxe3 8. Qxe3 g6 9. Bc4 Bg7 10. O-O Nc6
11. Nxc6 bxc6 12. Rad1 O-O 13. f4 Qa5 14. Bb3 Rb8 15. Qf3 Qb6+ 16. Kh1 a5 17. Na4 Qb4 18. a3 Qb7 19. f5 Qb5 20. Rd3 d5
21. exd5 Bxf5 22. Rdd1 cxd5 23. Qxd5 e6 24. Qxb5 Rxb5 25. Rf3 Bg4 26. Rdd3 Bxf3 27. Rxf3 Rd8 28. h3 Rd2 29. c4 Rg5 30. g4 Re5
31. Rf1 Ree2
0-1

[Event "SCCA Championship 2022"]
[Site "SchemingMind.com"]
[Date "2022.01.09"]
[Round "-"]
[White "McCormickR"]
[Black "Allan Sedstrem"]
[Result "1-0"]
[WhiteCountry "ENG"]
[BlackCountry "SCO"]
[WhiteElo "1765"]
[WhiteRD "87"]
[BlackElo "1485"]
[BlackRD "70"]
[GameID "719230"]

1. e4 e5 2. Nf3 Nc6 3. Bb5 a6 4. Ba4 Nf6 5. d3 h6 6. a3 b5 7. Bb3 Bb7 8. Nc3 Bc5 9. O-O O-O 10. Nd5 Nxd5
11. Bxd5 Qf6 12. b4 Bb6 13. Bb2 d6 14. Qd2 Rab8 15. Ba2 Rfe8 16. Rac1 Bc8 17. h3 Qg6 18. Nh4 Qh5 19. Nf5 Bxf5 20. exf5 Qxf5
21. c4 Ne7 22. Rfe1 Nc6 23. cxb5 axb5 24. Rxc6 Qd7 25. Bd5 Re7 26. Qd1 Qf5 27. Qc2 Rbe8 28. Be4 Qf6 29. Qd2 Qh4 30. Bd5 Kh8
31. Qe2 f6 32. Bc1 Qd4 33. Ba2 e4 34. Be3 exd3 35. Qd2 Qe4 36. Rc3 Qf5 37. Qxd3 Qxd3 38. Rxd3 f5 39. g3 Bxe3 40. Rdxe3 Rxe3
41. Rxe3 Rxe3 42. fxe3 g6 43. Bd5 Kg7 44. Bc6 Kf6 45. Bxb5 Ke5 46. a4 Ke4 47. Kf2 d5 48. a5 d4 49. exd4 Kxd4 50. a6 g5
51. a7 f4 52. Kf3 fxg3 53. Kxg3
1-0

[Event "SCCA Championship 2022"]
[Site "SchemingMind.com"]
[Date "2022.01.07"]
[Round "-"]
[White "Charles McAleenan"]
[Black "Geoffrey Rosser"]
[Result "1-0"]
[WhiteCountry "ENG"]
[BlackCountry "ENG"]
[WhiteElo "1995"]
[WhiteRD "105"]
[BlackElo "1833"]
[BlackRD "63"]
[GameID "719275"]

1. Nf3 d5 2. d4 Nf6 3. c4 g6 4. cxd5 Nxd5 5. e4 Nb6 6. h3 Bg7 7. Nc3 O-O 8. Be2 N8d7 9. Bg5 Nf6 10. O-O c6
11. a4 Qc7 12. a5 Nbd7 13. e5 Nd5 14. Nxd5 cxd5 15. Bxe7 Re8 16. Bd6 Qd8 17. Qb3 Nf8 18. Bb5 Bd7 19. Qxd5 a6 20. Bxd7 Qxd7
21. Qb3 Ne6 22. Rac1 Rac8 23. Rfd1 Bh6 24. Rxc8 Rxc8 25. g3 Qc6 26. d5
1-0

[Event "SCCA Championship 2022"]
[Site "SchemingMind.com"]
[Date "2022.01.08"]
[Round "-"]
[White "Robert Pallett"]
[Black "Charles McAleenan"]
[Result "0-1"]
[WhiteCountry "ENG"]
[BlackCountry "ENG"]
[WhiteElo "2092"]
[WhiteRD "87"]
[BlackElo "2042"]
[BlackRD "107"]
[GameID "719276"]

1. e4 c5 2. Nf3 Nc6 3. Bb5 Nf6 4. Nc3 g6 5. e5 Ng4 6. Bxc6 dxc6 7. h3 Nh6 8. O-O Nf5 9. Ne4 b6 10. a4 Bg7
11. a5 Be6 12. d3 Nd4 13. Neg5 Bd5 14. Nxd4 cxd4 15. e6 Bxe6 16. Nxe6 fxe6 17. Re1 e5 18. Qf3 Rc8
0-1

[Event "SCCA Championship 2022"]
[Site "SchemingMind.com"]
[Date "2022.01.09"]
[Round "-"]
[White "Charles McAleenan"]
[Black "pompey"]
[Result "1/2-1/2"]
[WhiteCountry "ENG"]
[BlackCountry "ENG"]
[WhiteElo "2077"]
[WhiteRD "108"]
[BlackElo "2438"]
[BlackRD "147"]
[GameID "719277"]

1. d4 Nf6 2. c4 g6 3. Nf3 Bg7 4. g3 O-O 5. Bg2 d5 6. cxd5 Nxd5 7. O-O Nb6 8. Nc3 Nc6 9. d5 Na5 10. e4 c6
11. Bg5 h6 12. Bf4 Nac4 13. b3 Bxc3 14. Rc1 cxd5 15. Rxc3 dxe4 16. bxc4 Qxd1 17. Rxd1 Bg4 18. Bxh6 Rfc8 19. Rb1 exf3 20. Bxf3 Bxf3
21. Rxf3 Rxc4 22. Be3 Rc6 23. h4 Rd8 24. Kg2 Rd5 25. Bxb6 Rxb6 26. Rxb6 axb6 27. Rb3 b5 28. Rc3 e6 29. Rc7 e5 30. Rxb7 e4
31. g4 Rd2 32. Kg3 Rxa2 33. Rxb5 Ra3+ 34. Kg2 Ra4 35. h5=
1/2-1/2